BAÚS DE TROCAS:NOVOS CONTOS DE FADA PARA LER E CONTAR (Record no. 194559)

MARC details
000 -LÍDER
campo de controle de tamanho fixo 00427 a2200157 4500
001 - NÚMERO DE CONTROLE
campo de controle 194559
020 ## - ISBN - INTERNATIONAL STANDARD BOOK NUMBER
ISBN - International Standard Book Number 9788561167240
040 ## - FONTE DA CATALOGAÇÃO
Instituição que transcreveu o registro Magnum
100 ## - ENTRADA PRINCIPAL--NOME PESSOAL
Nome pessoal LEMOS,Marilene Guzella Martins
240 10 - TÍTULO UNIFORME
Título uniforme BAÚS DE TROCAS:NOVOS CONTOS DE FADA PARA LER E CONTAR
Idioma da obra por
245 10 - TÍTULO
Título BAÚS DE TROCAS:NOVOS CONTOS DE FADA PARA LER E CONTAR
300 ## - DESCRIÇÃO FÍSICA
Extensão 86p.
362 0# - DATAS DE PUBLICAÇÃO E/OU DESIGNAÇÃO SEQUENCIAL
Datas de publicação e/ou designação sequencial 2011
697 ## - ENTRADA DE ASSUNTO LOCAL--ENTIDADE COLETIVA (RLIN)
Nome corporativo ou nome da jurisdição LITERATURA INFANTO-JUVENIL
942 ## - ELEMENTOS DE ENTRADA ADICIONADOS (KOHA)
Tipo de material Koha Livros
Holdings
Situação do descarte Situação das perdas Situação física Não pode ser emprestado Biblioteca de origem Biblioteca atual Data de aquisição Total de empréstimos Número de chamada completo Código de barras Data de último acesso Data do preço efetivo Tipo de material Koha
        Magnum Magnum 08/06/2024   869.2.1750 MAG00073856 08/06/2024 08/06/2024 Livros